Statistiques concernant Joueurs sélectionner en Equipe De France pour Septembre 2022

Cliquez ici pour prendre le quiz!

Statistiques générales

  • Ce quiz a été pris 101 fois
  • Le résultat moyen est 16 sur 24

Statistiques - réponses

PosteNom% Correct
BU-AG-ADKYLIAN MBAPPÉ
90%
BUOLIVIER GIROUD
89%
BU-AG-AD-MOCANTOINE GRIEZMANN
88%
GALPHONSE AREOLA
84%
SélectionneurDIDIER DESCHAMPS
84%
GMIKE MAIGNAN
80%
DCRAPHAËL VARANE
77%
MCAURÉLIEN TCHOUAMÉNI
75%
AG-ADOUSMANE DEMBÉLÉ
72%
DLD-DLGBENJAMIN PAVARD
71%
DLD-DLGJONATHAN CLAUSS
66%
DCDAYOT UPAMECANO
65%
DCJULES KOUNDÉ
63%
MCEDUARDO CAMAVINGA
61%
GALBAN LAFONT
60%
DLG-DLDFERLAND MENDY
56%
MC-MOCMATTEO GUENDOUZI
55%
BU-AG-AD-MOCCHRISTOPHER NKUNKU
54%
MC-MDCYOUSSOUF FOFANA
53%
BURANDAL KOLO MUANI
52%
DCWILLIAM SALIBA
46%
MC-MDCJORDAN VERETOUT
42%
DCBENOÎT BADIASHILE
41%
DLG-DLDADRIEN TRUFFERT
32%

Distribution des résultats

Percentile par nombre de réponses

% des personnes avec chaque résultat

Votre développement - résultats

Vous n’avez pas pris ce quiz